| 000 | nam a22 4500 | ||
|---|---|---|---|
| 999 |
_c8952 _d8952 |
||
| 008 | 180322b ||||| |||| 00| 0 eng d | ||
| 100 |
_926999 _aSantos, Dennis Jay |
||
| 245 |
_aArmy troops fight Mt. Apo fire/ _cDennis Jay Santos |
||
| 260 |
_aPhilippines _bPhilippine Daily Inquirer _cc2016 |
||
| 300 | _apage A16. | ||
| 650 | 0 |
_927000 _aEnvironmental movement. |
|
| 942 |
_2ddc _cPER |
||